Tour de France 2024 - Teamwertung - Statistiken

Allgemein
  • Dieses Quiz wurde 84 mal gespielt
  • Das Durchschnittsergebnis liegt bei 10 aus 22
Antwortstatistiken
# Team Zeit % Korrekt
1 UAE Team Emirates 251h 36‘ 43‘‘
95%
8 Red Bull - Bora - Hansgrohe +03h 57‘ 23‘‘
64%
4 Ineos Grenadiers +01h 34‘ 05‘‘
61%
22 Astana Qazaqstan Team +13h 53‘ 52‘‘
52%
3 Soudal - Quick Step +01h 33‘ 06‘‘
51%
18 Cofidis +08h 14‘ 25‘‘
49%
6 Movistar Team +03h 10‘ 06‘‘
49%
5 Lidl-Trek +02h 33‘ 49‘‘
48%
13 Uno-X-Mobility +05h 00‘ 00‘‘
48%
2 Team Visma / Lease a bike +00h 31‘ 51‘‘
44%
19 Arkéa-B&B Hotels +09h 38‘ 02‘‘
39%
7 Bahrain Victorious +03h 38‘ 21‘‘
38%
17 Intermarché-Wanty +06h 56‘ 56‘‘
38%
21 Alpecin-Deceuninck +12h 49‘ 40‘‘
36%
10 EF Education-EasyPost +04h 06‘ 54‘‘
36%
12 TotalEnergies +04h 42‘04‘‘
36%
9 Israel - Premier Tech +04h 01‘ 23‘‘
34%
15 Team dsm-firmenich PostNL +05h 34‘ 05‘‘
34%
14 Groupama-FDJ +05h 25‘ 49‘‘
31%
11 Decathlon AG2R La Mondiale Team +04h 24‘ 12‘‘
30%
16 Team Jayco AlUla +06h 28‘ 13‘‘
26%
20 Lotto-Dstny +11h 26‘ 25‘‘
23%
Keine übereinstimmenden Quizze gefunden
Verteilung der Resultate
Anzahl Personen mit jedem Resultat
Perzentil nach korrekt beantworteten Fragen
Ihre Resultats-Entwicklung
Sie haben dieses Quiz noch nicht gespielt